000 00237nam a2200097Ia 4500
008 190911s9999||||xx |||||||||||||| ||und||
100 _aGeroge Fuller
245 0 _aSupervisor's Portable Answer Book
260 _aUSA
_bCRC
_c1990
300 _a374
999 _c7048
_d7048